000
00362nam a2200145Ia 4500
008
231129s1993||||xx |||||||||||||| ||spa||
020
_a
84-473-0036-6
040
_b
spa
082
_a
E863 D353m
100
_a
Delibes Miguel
245
0
_a
Madera de héroe
260
_c
1993
264
_a
RBA Editores
942
_2
ddc
_c
BKS
999
_c
20213
_d
20213